书目信息 |
| 题名: |
教育·三十七度二
|
|
| 作者: | 朱良才 著 | |
| 分册: | ||
| 出版信息: | 北京 新华出版社 2009 |
|
| 页数: | 248页 | |
| 开本: | 24cm | |
| 丛书名: | ||
| 单 册: | ||
| 中图分类: | G52-53 | |
| 科图分类: | ||
| 主题词: | 教育--中国--文集 , 教育 | |
| 电子资源: | ||
| ISBN: | 978-7-5011-8877-2 | |
| 000 | 00769nam0 2200253 45 | |
| 001 | 1034537648 | |
| 005 | 20100319084356.23 | |
| 010 | @a978-7-5011-8877-2@dCNY28.00 | |
| 100 | @a20100312d2009 em y0chiy50 ea | |
| 101 | 0 | @achi |
| 102 | @aCN@b110000 | |
| 105 | @aa z 000yy | |
| 106 | @ar | |
| 200 | 1 | @a教育·三十七度二@AJiao Yu· San Shi Qi Du Er@dEducation 37.2℃@f朱良才著@FZhu Liang Cai Zhu@zeng |
| 210 | @a北京@c新华出版社@d2009 | |
| 215 | @a248页@c图@d24cm | |
| 330 | @a本书内容包括:忠诚、责任、敬业、爱心、传道、施教等六章。 | |
| 510 | 1 | @aEducation 37.2℃@zeng |
| 606 | 0 | @a教育@y中国@j文集 |
| 606 | 0 | @a教育 |
| 690 | @aG52-53@v4 | |
| 701 | 0 | @a朱良才@AZhu Liang Cai@4著 |
| 801 | 0 | @aCN@bTANGWEI@c20100319 |
| 905 | @b0586067-69@dG52-53@e138@f3 | |
| 教育·三十七度二=Education 37.2℃/朱良才著.-北京:新华出版社,2009 |
| 248页:图;24cm |
| ISBN 978-7-5011-8877-2:CNY28.00 |
| 本书内容包括:忠诚、责任、敬业、爱心、传道、施教等六章。 |
| ● |
| 相关链接 |
|
|
|
|
正题名:教育·三十七度二
索取号:G52-53/138
 
预约/预借
| 序号 | 登录号 | 条形码 | 馆藏地/架位号 | 状态 | 备注 |
| 1 | 0586067 | 205860674 | 第一样本阅览室/ [索取号:G52-53/138] | 在馆 | |
| 2 | 0586068 | 205860683 | 第四借阅区/ [索取号:G52-53/138] | 在馆 | |
| 3 | 0586069 | 205860692 | 教育系资料室/ [索取号:G52-53/138] | 在馆 |